000 00710nam a2200241Ia 4500
005 20260430150543.0
008 008 250103s9999 xx 000 0 eng d
037 _aTheses
040 _aCRL
040 _beng
040 _ceng
041 _2eng
041 _aeng
084 _qCRL
100 _aAkshaya Kumar K S Au.; Walia Paramjeet Kaur Gu.
_91237836
245 0 _aApplication of Information and Communication Technology in Select Public Libraries of South India: A Study
260 _c2024
300 _a1019P.
650 _aLibrary Science
700 _aUniversity of Delhi. Faculty of Arts. Deptt. of Library & Information Science
_91237831
942 _cTH
999 _c1850063
_d1850063